Millionenstädte, die mit B beginnen - Statistiken

Allgemein
  • Dieses Quiz wurde 92 mal gespielt
  • Das Durchschnittsergebnis liegt bei 10 aus 13
Antwortstatistiken
Einwohner in Mio. (ca.) Land Millionenstadt % Korrekt
3,76 Deutschland Berlin
99%
1,60 Ungarn Budapest
96%
1,66 Spanien Barcelona
92%
5,60 Thailand Bangkok
90%
1,18 Großbritannien Birmingham
88%
7,92 Irak Bagdad
87%
7,67 Kolumbien Bogota
83%
1,18 Rumänien Bucharest
83%
2,30 Aserbaidschan Baku
82%
1,10 Australien Brisbane
73%
11,72 China Beijing
53%
3,40 Südkorea Busan
47%
8,50 Indien Bengaluru
35%
Keine übereinstimmenden Quizze gefunden
Verteilung der Resultate
Anzahl Personen mit jedem Resultat
Perzentil nach korrekt beantworteten Fragen
Ihre Resultats-Entwicklung
Sie haben dieses Quiz noch nicht gespielt